US States with the Lowest Highest Points - Statistics

General Stats
  • This quiz has been taken 56 times
  • The average score is 8 of 10
Answer Stats
Highest Point Height in Feet State % Correct
Britton Hill 345 Florida
92%
Near Ebright Azimuth 447 Delaware
86%
Charles Mound 1,235 Illinois
84%
Jerimoth Hill 811 Rhode Island
84%
Driskill Mountain 535 Louisiana
82%
Hawkeyes Point 1,671 Iowa
80%
Woodall Mountain 807 Mississippi
80%
Hoosier Hill 1,257 Indiana
78%
Campbell Hill 1,549 Ohio
78%
Tam Sauk Mountain 1,772 Missouri
68%
No matching quizzes found
Score Distribution
Percent of People with Each Score
Percentile by Number Answered
Your Score History
You have not taken this quiz